000 00550nam a2200217Ia 4500
001 dia_6604
003 CHAP
008 220117s2013 xx 000 0 und d
010 _a177906
040 _cCHAP
090 _aF 34 2013
100 _aSerrano Covarrubias, Luis Manuel
_9105212
245 _aEl cultivo del frijol : sistemas de siembra
260 _aMéxico :
_b UACh,
_c2013
901 _aF 34 2013
902 _aM
905 _a0000002013 MX 0000000000SPA00
942 _c12
942 _c12
999 _c177906
_d177906